AH International Schools' Libraries

Can You Think Of Any Animals...COLORS Edition (Record no. 49098)

MARC details
000 -LEADER
fixed length control field 00379nam a22001217a 4500
008 - FIXED-LENGTH DATA ELEMENTS--GENERAL INFORMATION
fixed length control field 250804b |||||||| |||| 00| 0 eng d
020 ## - INTERNATIONAL STANDARD BOOK NUMBER
International Standard Book Number 9798377919230
100 ## - MAIN ENTRY--PERSONAL NAME
Personal name Velleity Designs (Author)
9 (RLIN) 86445
245 ## - TITLE STATEMENT
Title Can You Think Of Any Animals...COLORS Edition
260 ## - PUBLICATION, DISTRIBUTION, ETC. (IMPRINT)
Place of publication, distribution, etc USA
Name of publisher, distributor, etc Independently published
Date of publication, distribution, etc 2023
300 ## - PHYSICAL DESCRIPTION
Extent 122 pages
Other physical details col. ill.
Dimensions 7 x 0.29 x 10 inches
942 ## - ADDED ENTRY ELEMENTS (KOHA)
Source of classification or shelving scheme
Holdings
Withdrawn status Lost status Source of classification or shelving scheme Damaged status Not for loan Collection code Home library Current library Date acquired Total Checkouts Full call number Barcode Date last seen Price effective from Koha item type
          Non-Fiction Asian Hope Siem Reap Asian Hope Siem Reap 08/04/2025   NFIC VEL 209082 08/04/2025 08/04/2025 Book

For any Logos Library related questions please contact Miss Art at swongnarasuk@asianhope.org.

For any Asian Hope Library related questions please contact Miss Raza at graza@asianhope.org.

Click here to explore our ebooks!

Powered by Koha